000 00680nam a2200253Ia 4500
003 OSt
005 20221007080634.0
006 a|||||r|||| 00| 0
007 ta
008 221006b |||||||| |||| 00| 0 eng d
024 _a12,946
037 _cTextual
040 _aFLL
_cFLL
_beng
041 _2eng
_aeng
082 _aV4:1:N5, K3.1
100 _aWard Au.
_9695132
245 0 _aModern political systems
_b Asia
260 _aNew Jersey
_b Prentice-hall, inc New
_c1963
300 _a482p
_ccm.
490 _vVol.1
700 _a Macridis Au.
_9695133
942 _hV4:1:N5, K3.1
_cTEXL
_2CC
999 _c1160387
_d1160387